000 00497nam a22001817a 4500
005 20260323115711.0
008 260323b |||||||| |||| 00| 0 eng d
022 _a978-1-259-01131-3
100 _aSMALLIGAN ROGER
245 _aPRE TEST MEDICINE
250 _a13TH ED.
260 _aNEW YORK
_bMCGRAW HILL
_c2012
300 _aX,470P.
500 _aINCLUDES AN INDEX
650 _aMEDICINE-EXAMINATION QUESTIONS
700 _aMATT CHUA, RUSH PIERCE J. , ROBERT S. URBAN
942 _2lcc
_cBK
999 _c216854
_d216854